000 00731nam a2200241Ia 4500
003 OSt
005 20220928111518.0
006 a|||||r|||| 00| 0
007 ta
008 220927b |||||||| |||| 00| 0 eng d
024 _a29374
037 _cReference Collections
040 _aSDCL
_cSDCL
_beng
041 _2eng
_aeng
082 _aP15k, 111A74 RR
100 _aWilson Horace Hayman
_9397661
245 0 _aSanskrit-English dictionary
_b A comprehensive Sanskrit-English lexicon.
250 _aRev. & Enlarged
260 _aDelhi
_bNag Publishers
_c1874
300 _a839p
_ccm.
942 _hP15k, 111A74 RR
_cREF
_2CC
999 _c740550
_d740550